| 000 | 00925 a2200193 4500 | ||
|---|---|---|---|
| 003 | Nust | ||
| 005 | 20230525121109.0 | ||
| 010 | _a25017114 | ||
| 040 | _cNust | ||
| 082 | _a823, BUC | ||
| 100 |
_aBuchan, John, _911826 |
||
| 245 |
_aJohn Macnab _cJohn Buchan |
||
| 260 |
_aBoston and New York _bHoughton Mifflin company _c1925 |
||
| 300 |
_a320 p _bmap _c20 cm |
||
| 505 | _aIn Which Three Gentlemen (Page-9), Desperate Characters (Page-28),Reconnaissance (Page-46),Fish Benjie (Page-70),The Assault (Page-91),The Return Of Herald (Page-113),The Old Estonian (Page-135),Sir Archie Is Instructed (Page-162),Sir Archie Instructs (Page-183),In Which Crime (Page-205),Haripol-The Main Attack (Page-225),Haripol-Transport (Page-244),Haripol-Auxiliary Troops (Page-263),Haropol- Wounded And Missing (Page-286),Haripol-The Armistice (Page-309). | ||
| 600 |
_aBuchan, John, _911826 |
||
| 650 |
_aNovel _92525 |
||
| 942 |
_2ddc _cBK |
||
| 999 |
_c186749 _d186749 |
||